000 01691nam a2200265 a 4500
001 000025181
005 20200930023618.0
008 110211s2005 dr a 000 f spa d
040 _aDO-SdBNP
_bspa
_cBNPHU
082 _a813.3
_bM813c, 2005
100 1 _aMontse V.
_9261
240 1 0 _aUncle Tom's Cabin.
_lEspañol
245 1 3 _aLa cabaña del tio Tom /
_cHarriet Beecher Stower ; versión Montse V.; illustraciones A. Centeno.
260 _aSanto Domingo :
_bTopogan-Panapo,
_c2005.
300 _a143 p. :
_bil. ;
_c24 cm.
490 1 _aClásicos universales
505 0 _aLa madre --
_tUna velada en la cabaña del tío Tom --
_tDescubierta --
_tAngustias maternales --
_tEl senador --
_tLa propiedad pasa a otras manos --
_t!También los negros tienen alma! --
_tUn comercio legal --
_tLa casa de los cuáqueros --
_tEvangelina --
_tEl nuevo amo de Tom y su casa --
_tEl ama a Tom y sus opiniones --
_t!Ah, la anhelada libertad! --
_tMiss Ofelia en casa de sus primos --
_tMiss Ofelia en casa de sus primos (continuación)
_tTopsy --
_tEl prado se amustia, la flor se aja --
_tEnrique --
_tLa pequeña Evangelista --
_tEl fin de todas las cosas terrenas --
_tLos abandonados --
_tEl almacén de esclavos --
_tEl viaje horrible --
_tCassy --
_tEvocación --
_tLibertad --
_tLa estratagema --
_tEl mártir --
_tLa auténtica historia de un fantasma --
_tResultados --
_tEl libertador --
_tConclusión.
650 4 _aNovela estadounidense
_9262
650 4 _aLiteratura estadounidense
_9263
700 1 2 _aStowe, Harriet Beecher
_d1811-1896
_tLa cabaña del tio Sam
_951663
700 1 2 _aA. Centeno.
_eil.
_9265
830 0 _aClásicos universales
_9266
910 _aValidado. Control de calidad MFF
049 _aBNPD
999 _c24674
_d24674